| 000 | 00367nam a2200169Ia 4500 | ||
|---|---|---|---|
| 999 |
_c31389 _d31389 |
||
| 003 | 0100 | ||
| 005 | 20180323085707.0 | ||
| 008 | 130303s9999 xx 000 0 und d | ||
| 040 | _cARRUPELIB | ||
| 050 | _aBL600.F55 1973 | ||
| 100 |
_aFirth, Raymond _937665 |
||
| 245 |
_aSymbols _bpublic and private _cRaymond Firth |
||
| 260 |
_aIthaca NY _bCornell UP _c1973 |
||
| 300 |
_a469p. ; _c21cm. |
||
| 650 |
_aSymbolism _940891 |
||
| 942 |
_2lcc _cMONOGRAPH |
||